| 000 | 00374nam a22001337a 4500 | ||
|---|---|---|---|
| 999 |
_c8325 _d8326 |
||
| 008 | 190819b ||||| |||| 00| 0 eng d | ||
| 020 | _a9789993695219 | ||
| 082 | _a370 POW | ||
| 100 | _aPowdyel, Thakur S. | ||
| 245 |
_aGyal- Khab ; _breflections on state, citizen, and citizenship education. _cAn invitation. |
||
| 260 | _c2019. | ||
| 300 |
_ax, 67 p. _c20 cm. |
||
| 942 | _2ddc | ||